| 000 | 00643nam a22002177a 4500 | ||
|---|---|---|---|
| 003 | OSt | ||
| 005 | 20161102144844.0 | ||
| 008 | 150429b xxu||||| |||| 00| 0 eng d | ||
| 020 | _a 978-0443071928 | ||
| 020 | _a0443071985 | ||
| 040 | _cDNLM | ||
| 082 | _aWS 100 F763n 2003 | ||
| 100 |
_aEdited by Neil, McIntosh; Helms, Peter; Symith Rosalind _911262 |
||
| 245 | _aFofar & Arneil's Textbook of Pediatrics | ||
| 250 | _a6th ed | ||
| 260 |
_aLondon : _bChurchill Livingstone; _c2003. |
||
| 300 |
_axxi, 1985p : _bill ; _c28 cm |
||
| 504 | _aIncludes bibliographical references and index | ||
| 650 |
_aPediatrics _93353 |
||
| 942 |
_2z _cSLOAN |
||
| 999 |
_c1664 _d1664 |
||